MLB Team By Alternate Logo - Statistics

General Stats
  • This quiz has been taken 36 times
  • The average score is 26 of 30
Answer Stats
Picture Answer % Correct
Boston Red Sox
100%
Chicago White Sox
100%
Arizona Diamondbacks
96%
Chicago Cubs
96%
Colorado Rockies
96%
Detroit Tigers
96%
Los Angeles Dodgers
96%
Minnesota Twins
96%
Pittsburgh Pirates
96%
San Francisco Giants
96%
Seattle Mariners
96%
Kansas City Royals
92%
Los Angeles Angels
92%
Miami Marlins
92%
New York Mets
92%
New York Yankees
92%
Tampa Bay Rays
92%
Toronto Blue Jays
92%
Baltimore Orioles
88%
San Diego Padres
88%
Washington Nationals
88%
Houston Astros
80%
Milwaukee Brewers
80%
St. Louis Cardinals
80%
Texas Rangers
80%
Cincinnati Reds
76%
Athletics
72%
Cleveland Guardians
72%
Philaelphia Phillies
68%
Atlanta Braves
48%
No matching quizzes found
Score Distribution
Percent of People with Each Score
Percentile by Number Answered
Your Score History
You have not taken this quiz